000 00681nam a2200193Ia 4500
008 151121s9999||||xx |||||||||||||| ||und||
082 _a801।957/गाडगी
082 _bHNW-64288
100 _aगाडगीळ बाळ
245 _aविनोद तत्त्वज्ञान
260 _b"दिलीपराज प्रकाशन प्रा। लि।, पुणे।"
260 _c--
300 _a277
600 _aगाडगीळ बाळ
630 _aविनोद तत्त्वज्ञान
700 _aगाडगीळ बाळ
730 _aविनोद तत्त्वज्ञान
942 _cBOOK
999 _c1245815
_d1245812